[Event "Caplin British Online-ch Women 2020"]
[Site "Online"]
[Date "2020.12.28"]
[Round "5.5"]
[White "ThinRoseLeapfrog"]
[Black "lara2007zg"]
[Result "0-1"]
[WhiteElo "1464"]
[BlackElo "1763"]
[Annotator "NA"]
[PlyCount "96"]
[EventDate "2020.12.21"]
[EventType "swiss"]
[EventCountry "NET"]
[SourceTitle "playchess.com"]
[Source "ChessBase"]
[SourceQuality "1"]

1. e4 {[%emt 0:00:03]} e6 {[%emt 0:00:04]} 2. d4 {[%emt 0:00:08]} d5 {[%emt 0:00:02]} 3. exd5 {[%emt 0:00:08]} exd5 {[%emt 0:00:02]} 4. Nf3 {[%emt 0:00:21]} Nc6 {[%emt 0:00:05]} 5. Be3 {[%emt 0:00:20]} Bg4 {[%emt 0:00:12]} 6. Be2 {[%emt 0:00:05]} Bd6 {[%emt 0:00:09]} 7. Nbd2 {[%emt 0:00:45]} Nge7 {[%emt 0:00:09]} 8. c3 {[%emt 0:00:28]} Qd7 {[%emt 0:01:07]} 9. b4 {[%emt 0:01:02]} O-O {[%emt 0:00:17]} 10. O-O {[%emt 0:00:34]} Nf5 {[%emt 0:03:56]} 11. Ne5 {[%emt 0:03:53]} Bxe2 {[%emt 0:13:22]} 12. Nxd7 {[%emt 0:00:13]} Bxd1 {[%emt 0:00:04]} 13. Nxf8 {[%emt 0:00:10]} Bg4 {[%emt 0:00:19]} 14. h3 {[%emt 0:06:34]} Nxe3 {[%emt 0:03:08]} 15. fxe3 {[%emt 0:00:13]} Bh5 {[%emt 0:01:37]} 16. Nd7 {[%emt 0:01:49]} Re8 {[%emt 0:00:49]} 17. Nf3 {[%emt 0:02:07]} Rxe3 {[%emt 0:03:03]} 18. Rae1 {[%emt 0:00:33]} Bf4 {[%emt 0:01:01]} 19. Kh1 {[%emt 0:03:03]} f5 {[%emt 0:02:04]} 20. Rxe3 {[%emt 0:03:42]} Bxe3 {[%emt 0:00:04]} 21. Nfe5 {[%emt 0:01:09]} Nxe5 {[%emt 0:02:54]} 22. dxe5 {[%emt 0:01:41]} f4 {[%emt 0:01:30]} 23. g4 {[%emt 0:04:59]} Bg6 {[%emt 0:00:34]} 24. Nc5 {[%emt 0:05:17]} b6 {[%emt 0:01:09]} 25. Ne6 {[%emt 0:00:51]} Be4+ {[%emt 0:00:36]} 26. Kh2 {[%emt 0:00:23]} f3 {[%emt 0:00:25]} 27. Kg3 {[%emt 0:02:58]} f2 {[%emt 0:02:09]} 28. Nf4 {[%emt 0:01:19]} g5 {[%emt 0:02:39]} 29. Ng2 {[%emt 0:01:14]} d4 {[%emt 0:00:19]} 30. e6 {[%emt 0:04:33]} Bd3 {[%emt 0:01:19]} 31. cxd4 {[%emt 0:01:27]} Bxd4 {[%emt 0:01:02]} 32. Rxf2 {[%emt 0:00:14]} Bxf2+ {[%emt 0:00:22]} 33. Kxf2 {[%emt 0:00:02]} Bc4 {[%emt 0:00:07]} 34. e7 {[%emt 0:00:04]} Kf7 {[%emt 0:00:03]} 35. Ne3 {[%emt 0:00:02]} Bxa2 {[%emt 0:00:10]} 36. Nf5 {[%emt 0:00:03]} Bb1 {[%emt 0:00:08]} 37. Nd4 {[%emt 0:00:17]} a5 {[%emt 0:02:12]} 38. Ne6 {[%emt 0:00:35]} Kxe7 {[%emt 0:01:05]} 39. Nxc7 {[%emt 0:00:04]} Kd6 {[%emt 0:00:26]} 40. Nb5+ {[%emt 0:00:27]} Kc6 {[%emt 0:00:55]} 41. Nc3 {[%emt 0:00:22]} Bg6 {[%emt 0:00:20]} 42. bxa5 {[%emt 0:00:50]} bxa5 {[%emt 0:00:03]} 43. Ke3 {[%emt 0:00:02]} Kc5 {[%emt 0:00:06]} 44. Kd2 {[%emt 0:00:24]} Kc4 {[%emt 0:00:21]} 45. Na4 {[%emt 0:00:12]} Kb4 {[%emt 0:00:04]} 46. Nb2 {[%emt 0:00:03]} a4 {[%emt 0:00:04]} 47. Kc1 {[%emt 0:00:11]} a3 {[%emt 0:00:05]} 48. Nd1 {[%emt 0:00:06]} Kb3 {[%emt 0:00:03]} 0-1

[Event "Caplin British Online-ch Women 2020"]
[Site "Online"]
[Date "2020.12.28"]
[Round "5.6"]
[White "AliceeL"]
[Black "Imogen10"]
[Result "1-0"]
[WhiteElo "1792"]
[BlackElo "1716"]
[Annotator "NA"]
[PlyCount "157"]
[EventDate "2020.12.21"]
[EventType "swiss"]
[EventCountry "NET"]
[SourceTitle "playchess.com"]
[Source "ChessBase"]
[SourceQuality "1"]

1. d4 {[%emt 0:00:07]} f5 {[%emt 0:00:07]} 2. Bg5 {[%emt 0:00:04]} Nf6 {[%emt 0:00:08]} 3. e3 {[%emt 0:00:15]} e6 {[%emt 0:00:02]} 4. h4 {[%emt 0:00:17]} Be7 {[%emt 0:00:09]} 5. c4 {[%emt 0:00:53]} b6 {[%emt 0:00:38]} 6. Nc3 {[%emt 0:01:12]} Bb7 {[%emt 0:00:09]} 7. Nh3 {[%emt 0:00:55]} O-O {[%emt 0:01:50]} 8. Nf4 {[%emt 0:01:15]} a5 {[%emt 0:02:17]} 9. Be2 {[%emt 0:02:27]} Na6 {[%emt 0:01:01]} 10. a3 {[%emt 0:01:11]} Ne4 {[%emt 0:02:44]} 11. Bxe7 {[%emt 0:02:36]} Qxe7 {[%emt 0:00:07]} 12. Bf3 {[%emt 0:03:15]} Rad8 {[%emt 0:04:45]} 13. Qd3 {[%emt 0:05:35]} d5 {[%emt 0:03:26]} 14. cxd5 {[%emt 0:01:07]} exd5 {[%emt 0:00:05]} 15. Nfxd5 {[%emt 0:02:03]} Bxd5 {[%emt 0:00:51]} 16. Qxa6 {[%emt 0:00:42]} Nxc3 {[%emt 0:00:12]} 17. bxc3 {[%emt 0:00:13]} f4 {[%emt 0:01:13]} 18. Bxd5+ {[%emt 0:01:54]} Rxd5 {[%emt 0:00:06]} 19. Qd3 {[%emt 0:01:00]} fxe3 {[%emt 0:00:37]} 20. Qxe3 {[%emt 0:01:22]} Qf7 {[%emt 0:00:05]} 21. O-O {[%emt 0:00:38]} Re8 {[%emt 0:01:03]} 22. Qg3 {[%emt 0:00:32]} Re6 {[%emt 0:02:21]} 23. Rae1 {[%emt 0:03:21]} Rg6 {[%emt 0:00:39]} 24. Qh3 {[%emt 0:00:13]} Rd7 {[%emt 0:01:36]} 25. Re2 {[%emt 0:01:21]} Rf6 {[%emt 0:03:34]} 26. Rfe1 {[%emt 0:00:30]} g6 {[%emt 0:00:11]} 27. Qe3 {[%emt 0:01:19]} Kg7 {[%emt 0:00:55]} 28. Qe5 {[%emt 0:00:23]} h5 {[%emt 0:02:09]} 29. f3 {[%emt 0:01:53]} Rd5 {[%emt 0:02:48]} 30. Qg3 {[%emt 0:01:20]} Rd7 {[%emt 0:01:16]} 31. Re5 {[%emt 0:00:23]} Kh7 {[%emt 0:01:06]} 32. Qg5 {[%emt 0:01:48]} c6 {[%emt 0:02:37]} 33. Qe3 {[%emt 0:00:56]} Kg7 {[%emt 0:01:24]} 34. a4 {[%emt 0:01:44]} Rf5 {[%emt 0:05:04]} 35. Re6 {[%emt 0:02:43]} Rfd5 {[%emt 0:02:25]} 36. Rxc6 {[%emt 0:00:40]} b5 {[%emt 0:00:36]} 37. axb5 {[%emt 0:00:50]} Rxb5 {[%emt 0:00:04]} 38. c4 {[%emt 0:00:22]} Rf5 {[%emt 0:00:51]} 39. d5 {[%emt 0:00:12]} Kh7 {[%emt 0:00:22]} 40. Re6 {[%emt 0:01:53]} Qg7 {[%emt 0:00:07]} 41. Qc5 {[%emt 0:01:03]} Rff7 {[%emt 0:00:54]} 42. R6e4 {[%emt 0:00:38]} a4 {[%emt 0:00:19]} 43. Qa3 {[%emt 0:00:10]} Qf6 {[%emt 0:01:19]} 44. Qxa4 {[%emt 0:00:55]} Qb6+ {[%emt 0:00:12]} 45. Kh1 {[%emt 0:00:13]} Qf2 {[%emt 0:00:20]} 46. Qd1 {[%emt 0:00:35]} Qc5 {[%emt 0:00:26]} 47. Qe2 {[%emt 0:00:12]} Rc7 {[%emt 0:00:20]} 48. Qe3 {[%emt 0:00:36]} Qd6 {[%emt 0:00:12]} 49. Re6 {[%emt 0:00:09]} Qg3 {[%emt 0:00:21]} 50. Re4 {[%emt 0:00:33]} Qd6 {[%emt 0:00:06]} 51. Qg5 {[%emt 0:00:07]} Rg7 {[%emt 0:00:09]} 52. Re6 {[%emt 0:00:06]} Qb4 {[%emt 0:00:09]} 53. R6e4 {[%emt 0:00:41]} Qd6 {[%emt 0:00:04]} 54. g3 {[%emt 0:00:16]} Qa3 {[%emt 0:00:18]} 55. Qe3 {[%emt 0:00:06]} Qd6 {[%emt 0:00:04]} 56. Kg2 {[%emt 0:00:04]} Qb4 {[%emt 0:00:13]} 57. Qd3 {[%emt 0:00:15]} Qb2+ {[%emt 0:00:21]} 58. R1e2 {[%emt 0:00:01]} Qf6 {[%emt 0:00:02]} 59. Re5 {[%emt 0:00:11]} Kh6 {[%emt 0:00:17]} 60. Qe3+ {[%emt 0:00:02]} Kh7 {[%emt 0:00:02]} 61. Qe4 {[%emt 0:00:04]} Kh6 {[%emt 0:00:19]} 62. Qe3+ {[%emt 0:00:01]} Kh7 {[%emt 0:00:03]} 63. c5 {[%emt 0:00:01]} Rgf7 {[%emt 0:00:15]} 64. d6 {[%emt 0:00:06]} Rcd7 {[%emt 0:00:07]} 65. Re7 {[%emt 0:00:19]} Kg7 {[%emt 0:00:09]} 66. Rxd7 {[%emt 0:00:13]} Rxd7 {[%emt 0:00:02]} 67. Qe5 {[%emt 0:00:18]} Rf7 {[%emt 0:00:18]} 68. Qxf6+ {[%emt 0:00:03]} Rxf6 {[%emt 0:00:02]} 69. d7 {[%emt 0:00:13]} Rf8 {[%emt 0:00:09]} 70. Re8 {[%emt 0:00:02]} g5 {[%emt 0:00:05]} 71. Rxf8 {[%emt 0:00:03]} Kxf8 {[%emt 0:00:01]} 72. d8=Q+ {[%emt 0:00:01]} Kg7 {[%emt 0:00:01]} 73. Qxg5+ {[%emt 0:00:01]} Kh7 {[%emt 0:00:01]} 74. Qxh5+ {[%emt 0:00:01]} Kg8 {[%emt 0:00:01]} 75. g4 {[%emt 0:00:01]} Kg7 {[%emt 0:00:01]} 76. g5 {[%emt 0:00:02]} Kf8 {[%emt 0:00:01]} 77. Qh7 {[%emt 0:00:02]} Ke8 {[%emt 0:00:01]} 78. g6 {[%emt 0:00:02]} Kf8 {[%emt 0:00:02]} 79. Qf7# {[%emt 0:00:02]} 1-0

[Event "Caplin British Online-ch Women 2020"]
[Site "Online"]
[Date "2020.12.28"]
[Round "5.7"]
[White "Posadas, Rayelynn"]
[Black "Walker, Kate"]
[Result "1-0"]
[WhiteElo "1703"]
[BlackElo "1596"]
[Annotator "NA"]
[PlyCount "73"]
[EventDate "2020.12.21"]
[EventType "swiss"]
[EventCountry "NET"]
[SourceTitle "playchess.com"]
[Source "ChessBase"]
[SourceQuality "1"]

1. e4 {[%emt 0:00:05]} c6 {[%emt 0:00:03]} 2. d4 {[%emt 0:00:05]} d5 {[%emt 0:00:03]} 3. exd5 {[%emt 0:00:01]} cxd5 {[%emt 0:00:03]} 4. Bd3 {[%emt 0:00:01]} Nc6 {[%emt 0:00:21]} 5. c3 {[%emt 0:00:02]} Qc7 {[%emt 0:00:17]} 6. h3 {[%emt 0:00:09]} g6 {[%emt 0:00:28]} 7. Nf3 {[%emt 0:00:10]} Bg7 {[%emt 0:00:15]} 8. O-O {[%emt 0:00:18]} Nf6 {[%emt 0:00:03]} 9. Re1 {[%emt 0:00:12]} O-O {[%emt 0:00:11]} 10. Na3 {[%emt 0:00:08]} a6 {[%emt 0:00:34]} 11. Nc2 {[%emt 0:00:05]} b5 {[%emt 0:01:43]} 12. Bg5 {[%emt 0:00:56]} e6 {[%emt 0:02:18]} 13. Qd2 {[%emt 0:03:36]} Nh5 {[%emt 0:01:39]} 14. Bh6 {[%emt 0:08:44]} Bb7 {[%emt 0:02:43]} 15. Bxg7 {[%emt 0:01:11]} Kxg7 {[%emt 0:00:06]} 16. Ne3 {[%emt 0:02:14]} Nf6 {[%emt 0:06:26]} 17. Ne5 {[%emt 0:02:31]} Ne4 {[%emt 0:04:30]} 18. Qc1 {[%emt 0:16:22]} Nxe5 {[%emt 0:00:43]} 19. dxe5 {[%emt 0:00:03]} f5 {[%emt 0:05:08]} 20. f3 {[%emt 0:08:09]} Ng3 {[%emt 0:04:02]} 21. Kh2 {[%emt 0:00:51]} Nh5 {[%emt 0:02:07]} 22. Kh1 {[%emt 0:01:49]} Rac8 {[%emt 0:01:32]} 23. Qd2 {[%emt 0:00:52]} Qe7 {[%emt 0:01:10]} 24. Nc2 {[%emt 0:00:47]} Qh4 {[%emt 0:02:11]} 25. Nd4 {[%emt 0:00:08]} Rfe8 {[%emt 0:00:56]} 26. Ne2 {[%emt 0:00:33]} Rc7 {[%emt 0:01:32]} 27. Kh2 {[%emt 0:00:10]} f4 {[%emt 0:00:32]} 28. Rg1 {[%emt 0:00:56]} Qg5 {[%emt 0:01:48]} 29. g4 {[%emt 0:00:10]} Ng3 {[%emt 0:03:02]} 30. Qxf4 {[%emt 0:00:02]} Qxf4 {[%emt 0:00:10]} 31. Nxf4 {[%emt 0:00:01]} Rf7 {[%emt 0:00:14]} 32. Kxg3 {[%emt 0:00:07]} Ref8 {[%emt 0:00:05]} 33. Nxe6+ {[%emt 0:00:02]} Kg8 {[%emt 0:00:11]} 34. Nxf8 {[%emt 0:00:01]} Rxf8 {[%emt 0:00:03]} 35. Rgf1 {[%emt 0:00:06]} Kf7 {[%emt 0:00:26]} 36. Rae1 {[%emt 0:00:03]} Ke6 {[%emt 0:00:03]} 37. f4 {[%emt 0:00:04]} 1-0

[Event "Caplin British Online-ch Women 2020"]
[Site "Online"]
[Date "2020.12.28"]
[Round "5.8"]
[White "Lowry-O`Reilly, Hannah"]
[Black "Barry, Suzanne"]
[Result "1-0"]
[WhiteElo "1708"]
[BlackElo "1375"]
[Annotator "NA"]
[PlyCount "95"]
[EventDate "2020.12.21"]
[EventType "swiss"]
[EventCountry "NET"]
[SourceTitle "playchess.com"]
[Source "ChessBase"]
[SourceQuality "1"]

1. d4 {[%emt 0:00:01]} Nf6 {[%emt 0:00:06]} 2. c4 {[%emt 0:00:02]} c5 {[%emt 0:00:04]} 3. d5 {[%emt 0:00:35]} g6 {[%emt 0:00:30]} 4. Nc3 {[%emt 0:00:38]} Bg7 {[%emt 0:00:06]} 5. e4 {[%emt 0:00:46]} d6 {[%emt 0:00:54]} 6. Bd3 {[%emt 0:00:24]} O-O {[%emt 0:00:12]} 7. Nge2 {[%emt 0:00:17]} e5 {[%emt 0:01:17]} 8. O-O {[%emt 0:01:01]} Bg4 {[%emt 0:00:47]} 9. f3 {[%emt 0:00:55]} Bh5 {[%emt 0:03:26]} 10. Bg5 {[%emt 0:03:59]} h6 {[%emt 0:01:32]} 11. Bxf6 {[%emt 0:01:02]} Qxf6 {[%emt 0:01:21]} 12. g4 {[%emt 0:00:40]} Qg5 {[%emt 0:02:07]} 13. Ng3 {[%emt 0:01:40]} Bxg4 {[%emt 0:02:45]} 14. fxg4 {[%emt 0:00:15]} Nd7 {[%emt 0:00:31]} 15. Kh1 {[%emt 0:02:44]} Nf6 {[%emt 0:01:27]} 16. Be2 {[%emt 0:05:51]} Kh7 {[%emt 0:05:17]} 17. Bf3 {[%emt 0:06:18]} Rh8 {[%emt 0:01:03]} 18. Qe2 {[%emt 0:01:48]} Kg8 {[%emt 0:01:39]} 19. Nb5 {[%emt 0:03:00]} Ne8 {[%emt 0:00:49]} 20. Nc3 {[%emt 0:00:36]} a6 {[%emt 0:00:50]} 21. Nd1 {[%emt 0:00:04]} Nf6 {[%emt 0:01:54]} 22. Ne3 {[%emt 0:01:37]} Bf8 {[%emt 0:01:45]} 23. Ng2 {[%emt 0:00:29]} Be7 {[%emt 0:01:13]} 24. h4 {[%emt 0:00:58]} Qf4 {[%emt 0:01:34]} 25. Nxf4 {[%emt 0:00:23]} exf4 {[%emt 0:00:03]} 26. Nf5 {[%emt 0:01:10]} gxf5 {[%emt 0:00:44]} 27. gxf5 {[%emt 0:00:10]} Kh7 {[%emt 0:00:34]} 28. Rg1 {[%emt 0:00:30]} Rhg8 {[%emt 0:00:51]} 29. Qh2 {[%emt 0:00:19]} Rg7 {[%emt 0:01:06]} 30. Rxg7+ {[%emt 0:00:07]} Kxg7 {[%emt 0:00:09]} 31. Rg1+ {[%emt 0:00:12]} Kh7 {[%emt 0:00:09]} 32. Qxf4 {[%emt 0:00:14]} Rh8 {[%emt 0:00:08]} 33. Qd2 {[%emt 0:01:33]} b6 {[%emt 0:00:48]} 34. Qc3 {[%emt 0:00:16]} Ne8 {[%emt 0:00:48]} 35. e5 {[%emt 0:01:18]} dxe5 {[%emt 0:00:17]} 36. Qxe5 {[%emt 0:00:06]} Bf6 {[%emt 0:00:10]} 37. Qb8 {[%emt 0:01:46]} Bxb2 {[%emt 0:00:33]} 38. Qxb6 {[%emt 0:00:14]} Bd4 {[%emt 0:00:07]} 39. Rg2 {[%emt 0:00:14]} Bf6 {[%emt 0:00:15]} 40. Qxa6 {[%emt 0:00:13]} Bxh4 {[%emt 0:00:11]} 41. Rh2 {[%emt 0:00:44]} Bf6 {[%emt 0:00:19]} 42. d6 {[%emt 0:00:24]} Be5 {[%emt 0:00:31]} 43. d7 {[%emt 0:00:56]} Bxh2 {[%emt 0:01:05]} 44. Kxh2 {[%emt 0:00:08]} Ng7 {[%emt 0:00:42]} 45. Qc8 {[%emt 0:00:24]} Nxf5 {[%emt 0:00:20]} 46. Qxh8+ {[%emt 0:00:05]} Kxh8 {[%emt 0:00:08]} 47. d8=Q+ {[%emt 0:00:05]} Kg7 {[%emt 0:00:04]} 48. Qc8 {[%emt 0:00:31]} 1-0

[Event "Caplin British Online-ch Women 2020"]
[Site "Online"]
[Date "2020.12.28"]
[Round "5.9"]
[White "Oh, Julie"]
[Black "Wilson, Florence"]
[Result "1/2-1/2"]
[WhiteElo "1168"]
[BlackElo "1180"]
[Annotator "NA"]
[PlyCount "157"]
[EventDate "2020.12.21"]
[EventType "swiss"]
[EventCountry "NET"]
[SourceTitle "playchess.com"]
[Source "ChessBase"]
[SourceQuality "1"]

1. e4 {[%emt 0:00:09]} e5 {[%emt 0:00:09]} 2. Nf3 {[%emt 0:00:10]} Nc6 {[%emt 0:00:05]} 3. Nc3 {[%emt 0:00:14]} Nf6 {[%emt 0:00:04]} 4. Bb5 {[%emt 0:00:16]} a6 {[%emt 0:00:16]} 5. Bxc6 {[%emt 0:00:09]} bxc6 {[%emt 0:00:14]} 6. d3 {[%emt 0:01:53]} d5 {[%emt 0:00:06]} 7. Bg5 {[%emt 0:01:55]} d4 {[%emt 0:00:16]} 8. Ne2 {[%emt 0:01:16]} Be7 {[%emt 0:00:07]} 9. Nxe5 {[%emt 0:02:36]} Bb4+ {[%emt 0:01:37]} 10. Bd2 {[%emt 0:02:47]} Bd6 {[%emt 0:00:20]} 11. Nxc6 {[%emt 0:03:51]} Qd7 {[%emt 0:00:07]} 12. Ncxd4 {[%emt 0:00:58]} Be5 {[%emt 0:00:14]} 13. Bc3 {[%emt 0:04:24]} O-O {[%emt 0:00:08]} 14. Nf3 {[%emt 0:00:40]} Bd6 {[%emt 0:00:14]} 15. Ng3 {[%emt 0:00:57]} Qg4 {[%emt 0:00:20]} 16. Bxf6 {[%emt 0:00:47]} gxf6 {[%emt 0:00:04]} 17. O-O {[%emt 0:00:10]} Kh8 {[%emt 0:00:08]} 18. Nd2 {[%emt 0:01:00]} Qg7 {[%emt 0:00:09]} 19. Nc4 {[%emt 0:01:05]} Bf4 {[%emt 0:00:20]} 20. Qf3 {[%emt 0:04:05]} Bh6 {[%emt 0:00:48]} 21. Nf5 {[%emt 0:01:18]} Qg6 {[%emt 0:00:14]} 22. Nxh6 {[%emt 0:00:15]} Qxh6 {[%emt 0:00:02]} 23. Ne3 {[%emt 0:00:29]} Rg8 {[%emt 0:00:07]} 24. Nd5 {[%emt 0:02:28]} Bg4 {[%emt 0:00:13]} 25. Qf4 {[%emt 0:00:14]} Qg7 {[%emt 0:00:40]} 26. Qxf6 {[%emt 0:00:38]} Bh3 {[%emt 0:00:11]} 27. Qxg7+ {[%emt 0:00:59]} Rxg7 {[%emt 0:00:05]} 28. Nf4 {[%emt 0:00:45]} Bxg2 {[%emt 0:00:17]} 29. Nxg2 {[%emt 0:00:28]} Rag8 {[%emt 0:00:04]} 30. Kh1 {[%emt 0:00:49]} Rxg2 {[%emt 0:00:06]} 31. Rac1 {[%emt 0:01:29]} R2g5 {[%emt 0:00:16]} 32. Rg1 {[%emt 0:00:18]} Rb5 {[%emt 0:00:15]} 33. Rxg8+ {[%emt 0:00:07]} Kxg8 {[%emt 0:00:03]} 34. b3 {[%emt 0:00:02]} Kf8 {[%emt 0:00:06]} 35. f4 {[%emt 0:00:20]} f5 {[%emt 0:00:06]} 36. exf5 {[%emt 0:00:54]} Rxf5 {[%emt 0:00:04]} 37. Kg2 {[%emt 0:00:07]} Rxf4 {[%emt 0:00:03]} 38. Rf1 {[%emt 0:00:04]} Rxf1 {[%emt 0:00:03]} 39. Kxf1 {[%emt 0:00:01]} Kf7 {[%emt 0:00:06]} 40. Kf2 {[%emt 0:00:01]} Kf6 {[%emt 0:00:02]} 41. Kf3 {[%emt 0:00:01]} Kf5 {[%emt 0:00:01]} 42. h4 {[%emt 0:00:06]} h6 {[%emt 0:00:11]} 43. d4 {[%emt 0:00:16]} c6 {[%emt 0:00:04]} 44. c4 {[%emt 0:00:11]} a5 {[%emt 0:00:04]} 45. d5 {[%emt 0:00:13]} cxd5 {[%emt 0:00:03]} 46. cxd5 {[%emt 0:00:02]} Ke5 {[%emt 0:00:02]} 47. d6 {[%emt 0:00:05]} Kxd6 {[%emt 0:00:02]} 48. Kg4 {[%emt 0:00:01]} Kc5 {[%emt 0:00:01]} 49. Kh5 {[%emt 0:00:01]} Kb4 {[%emt 0:00:01]} 50. Kxh6 {[%emt 0:00:01]} Ka3 {[%emt 0:00:01]} 51. Kg7 {[%emt 0:00:02]} Kxa2 {[%emt 0:00:01]} 52. h5 {[%emt 0:00:03]} Kxb3 {[%emt 0:00:01]} 53. h6 {[%emt 0:00:01]} a4 {[%emt 0:00:01]} 54. h7 {[%emt 0:00:00]} a3 {[%emt 0:00:02]} 55. h8=Q {[%emt 0:00:02]} a2 {[%emt 0:00:01]} 56. Qb8+ {[%emt 0:00:19]} Kc2 {[%emt 0:00:03]} 57. Qa7 {[%emt 0:00:18]} Kb2 {[%emt 0:00:02]} 58. Qb6+ {[%emt 0:00:04]} Ka1 {[%emt 0:00:05]} 59. Qg1+ {[%emt 0:00:45]} Kb2 {[%emt 0:00:04]} 60. Qf2+ {[%emt 0:00:09]} Kb1 {[%emt 0:00:03]} 61. Qe1+ {[%emt 0:00:06]} Kb2 {[%emt 0:00:10]} 62. Qd2+ {[%emt 0:02:05]} Kb1 {[%emt 0:00:20]} 63. Qd3+ {[%emt 0:01:34]} Kb2 {[%emt 0:01:07]} 64. Qe2+ {[%emt 0:03:11]} Kb1 {[%emt 0:00:21]} 65. Qe4+ {[%emt 0:01:10]} Kb2 {[%emt 0:00:09]} 66. Qd4+ {[%emt 0:01:06]} Kb1 {[%emt 0:00:06]} 67. Qb4+ {[%emt 0:00:43]} Ka1 {[%emt 0:00:08]} 68. Qa3 {[%emt 0:02:11]} Kb1 {[%emt 0:00:07]} 69. Qb3+ {[%emt 0:00:42]} Ka1 {[%emt 0:00:08]} 70. Qc3+ {[%emt 0:01:01]} Kb1 {[%emt 0:00:02]} 71. Qe1+ {[%emt 0:00:35]} Kb2 {[%emt 0:00:04]} 72. Qe5+ {[%emt 0:00:12]} Kb1 {[%emt 0:00:04]} 73. Qf5+ {[%emt 0:02:24]} Kb2 {[%emt 0:00:06]} 74. Qf6+ {[%emt 0:00:12]} Kb1 {[%emt 0:00:02]} 75. Qb6+ {[%emt 0:00:25]} Ka1 {[%emt 0:00:07]} 76. Qa7 {[%emt 0:00:12]} Kb1 {[%emt 0:00:08]} 77. Qb8+ {[%emt 0:00:15]} Ka1 {[%emt 0:00:06]} 78. Qe5+ {[%emt 0:00:33]} Kb1 {[%emt 0:00:06]} 79. Qe1+ {[%emt 0:00:21]} 1/2-1/2

[Event "Caplin British Online-ch Women 2020"]
[Site "Online"]
[Date "2020.12.28"]
[Round "5.10"]
[White "Rida, Ruqayyah"]
[Black "Headlong, Georgia"]
[Result "0-1"]
[WhiteElo "1464"]
[BlackElo "1584"]
[Annotator "NA"]
[PlyCount "76"]
[EventDate "2020.12.21"]
[EventType "swiss"]
[EventCountry "NET"]
[SourceTitle "playchess.com"]
[Source "ChessBase"]
[SourceQuality "1"]

1. e4 {[%emt 0:00:07]} e5 {[%emt 0:00:04]} 2. Nf3 {[%emt 0:00:13]} Nf6 {[%emt 0:00:02]} 3. Nc3 {[%emt 0:00:18]} Nc6 {[%emt 0:00:04]} 4. Bc4 {[%emt 0:00:03]} Nxe4 {[%emt 0:00:06]} 5. Nxe4 {[%emt 0:00:07]} d5 {[%emt 0:00:04]} 6. Bd3 {[%emt 0:00:11]} dxe4 {[%emt 0:00:05]} 7. Bxe4 {[%emt 0:00:01]} Bd6 {[%emt 0:00:33]} 8. O-O {[%emt 0:00:36]} O-O {[%emt 0:00:30]} 9. d3 {[%emt 0:00:38]} Ne7 {[%emt 0:02:01]} 10. Nd2 {[%emt 0:02:28]} Bc5 {[%emt 0:05:11]} 11. Nc4 {[%emt 0:02:52]} f6 {[%emt 0:01:38]} 12. Be3 {[%emt 0:02:55]} Bxe3 {[%emt 0:01:15]} 13. fxe3 {[%emt 0:00:53]} c6 {[%emt 0:02:33]} 14. a4 {[%emt 0:01:48]} Be6 {[%emt 0:01:26]} 15. b3 {[%emt 0:03:13]} Nd5 {[%emt 0:02:27]} 16. Bxd5 {[%emt 0:01:52]} cxd5 {[%emt 0:01:18]} 17. Nd2 {[%emt 0:01:12]} Rc8 {[%emt 0:01:24]} 18. c4 {[%emt 0:01:48]} dxc4 {[%emt 0:05:55]} 19. Nxc4 {[%emt 0:01:14]} Qd7 {[%emt 0:01:46]} 20. Qe2 {[%emt 0:06:40]} Rfd8 {[%emt 0:01:03]} 21. Qf3 {[%emt 0:06:05]} Qxd3 {[%emt 0:03:21]} 22. Rfd1 {[%emt 0:03:33]} Qxb3 {[%emt 0:02:05]} 23. Na5 {[%emt 0:00:37]} Rxd1+ {[%emt 0:00:55]} 24. Rxd1 {[%emt 0:00:32]} Qxa4 {[%emt 0:00:54]} 25. Qf1 {[%emt 0:04:09]} Qxa5 {[%emt 0:00:51]} 26. Ra1 {[%emt 0:00:58]} Qc5 {[%emt 0:00:37]} 27. Qe1 {[%emt 0:01:07]} Qc3 {[%emt 0:01:30]} 28. Qxc3 {[%emt 0:01:10]} Rxc3 {[%emt 0:00:05]} 29. Rxa7 {[%emt 0:00:11]} Bd5 {[%emt 0:00:42]} 30. Ra8+ {[%emt 0:01:07]} Kf7 {[%emt 0:00:05]} 31. Rd8 {[%emt 0:01:36]} Bc6 {[%emt 0:00:12]} 32. Rh8 {[%emt 0:01:11]} h6 {[%emt 0:00:32]} 33. Rd8 {[%emt 0:00:40]} Rxe3 {[%emt 0:01:15]} 34. Kf2 {[%emt 0:00:33]} Rc3 {[%emt 0:00:14]} 35. Rd2 {[%emt 0:00:33]} b5 {[%emt 0:00:19]} 36. Rb2 {[%emt 0:00:21]} Ke6 {[%emt 0:00:28]} 37. g3 {[%emt 0:00:23]} e4 {[%emt 0:00:39]} 38. Ke2 {[%emt 0:00:19]} e3 {[%emt 0:00:30]} 0-1

[Event "Caplin British Online-ch Women 2020"]
[Site "Online"]
[Date "2020.12.29"]
[Round "6.1"]
[White "Arakhamia-Grant, Ketevan"]
[Black "Arora, Tashika"]
[Result "1-0"]
[WhiteElo "2380"]
[BlackElo "1744"]
[Annotator "TA"]
[PlyCount "99"]
[EventDate "2020.12.21"]
[EventType "swiss"]
[EventCountry "NET"]
[SourceTitle "playchess.com"]
[Source "ChessBase"]
[SourceQuality "1"]

{[%evp 18,98,-10,-14,0,-10,-13,-43,-43,-43,-32,-39,-31,-52,21,4,10,18,45,39,59,38,81,74,87,47,229,229,710,687,996,897,1084,1069,1158,1135,1039,924,2183,1138,1130,1120,934,845,1554,1268,1772,1749,1281,1262,29986,29987,29987,29988,29988,29977,29973,29977,29989,29990,29990,29990,29989,29990,29990,29991,29988,29989,29989,29990,29990,29990,29990,29991,29991,29991,29993,29990,29992,29993,29993,29994,29999]} 1. e4 c5 2. Nf3 d6 3. Bb5+ Bd7 4. Bxd7+ Qxd7 5. O-O Nf6 6. Re1 Nc6 7. c3 e6 8. d3 Be7 9. Nbd2 O-O 10. a4 Qc7 {B52: Sicilian: Moscow Variation with 3...Bd7.} 11. Nf1 {[%cal Bd2f1,Bf1h2,Bh2g4][%mdl 32]} d5 12. e5 Nd7 {[%cal Rd7e5] Black is slightly better.} 13. Bf4 {[#]} Rfd8 $146 ({Predecessor:} 13... f6 14. exf6 Qxf4 15. fxe7 Rf6 16. Ng3 Qd6 17. Ng5 Qxe7 18. Qh5 Nf8 19. f4 Qd7 {1-0 (49) Kiik,K (2365)-Porrasmaa,T Kuopio 1993}) 14. h4 a6 15. h5 b5 (15... h6 $15) 16. N1h2 Rab8 17. axb5 axb5 18. Ng4 c4 {Threatening ...Nc5.} 19. d4 b4 20. h6 {aiming for hxg7.} g6 21. Qd2 Na5 $2 {[#] Black cannot hold the game after this.} ({Better is} 21... Rdc8 $14) 22. Bg5 $1 $18 {[%cal Rg5e7]} Nb3 $2 (22... bxc3 23. bxc3 Nc6 24. Bxe7 Nxe7) 23. Qf4 Nb6 24. Ra6 bxc3 25. bxc3 Rb7 26. Nf6+ Kh8 {[#]} 27. Nxh7 $1 {[%mdl 512] Bf6+ would kill now.} Kg8 (27... f5 28. exf6) 28. Bxe7 Qxe7 29. Nf6+ Kh8 30. Ng5 Na8 31. h7 Rc8 32. Ng8 Qf8 {[#]} 33. Nh6 $1 {[%mdl 512]} Qg7 (33... Qxh6 34. Nxf7+) 34. Nhxf7+ {White mates.} Rxf7 35. Nxf7+ Kxh7 36. Ng5+ Kg8 37. Nxe6 Qe7 38. Ng5 Qg7 39. Rf6 Nc7 40. Rf7 Qh6 41. Qg4 Rf8 42. Rh7 Qxh7 43. Nxh7 {[%mdl 64] Discovered Attack} Kxh7 44. Qd7+ {[%mdl 64] Double Attack} Kg8 45. Qxc7 Rf7 46. Qd8+ Kg7 47. Qxd5 Rc7 48. e6 Re7 49. Qe5+ Kf8 50. Qh8# {Weighted Error Value: White=0.10/Black=0.61} 1-0